Statistics for A million dreams - The Greatest showman - Finish the lyrics

Click here to take the quiz!

General Stats

  • This quiz has been taken 1,131 times
  • The average score is 39 of 51

Answer Stats

HintAnswer% Correct
I close -- --- and I can seemy eyes
98%
The world that's ------- up for mewaiting
95%
They can say, they can say it all sounds -----crazy
95%
They can say, they can say I've lost my ----mind
95%
I don't ----, I don't ----, so call me crazycare
94%
But it feels like ----home
93%
'Cause every night I --- -- --- | Every night I --- -- ---lie in bed
92%
A million dreams for the world we're gonna ----make
91%
A million dreams is all it's gonna ----take
91%
That I call -- ---my own
90%
I think of what the world ----- --could be
89%
The --------- colors fill my headbrightest
89%
We can live in a world that we ------design
89%
A ------ of the one I seevision
86%
A million dreams are ------- -- -----keeping me awake
85%
They can ---, they can --- it all sounds crazysay
85%
We can live in a ----- that we designworld
84%
There's a ----- we can buildhouse
83%
They can say, they can say I've ---- -- ----lost my mind
81%
Every room inside is ------filled
80%
Each one there to make you -----smile
79%
A million dreams are keeping me -----awake
78%
On a ----- dayrainy
78%
With ------ from far awaythings
78%
------- where no one's been beforeThrough
76%
The --------- -------- fill my headbrightest colors
75%
Through the ----, through the ----dark door
73%
However ---, however -----big small
70%
A ------ of the --- I seevision one
69%
Let me be ---- of it ---part all
69%
I ----- my eyes to seeclose
66%
----- your dreams with meShare
65%
To the world I close my eyes to ---see
64%
You may be -----, you may be -----right wrong
62%
But say that you'll bring me -----along
61%
----- ----- I lie in bedEvery night
60%
The brightest colors ---- -- ----fill my head
59%
The special things I -------compile
59%
A million ------, a million ------dreams
57%
- -------- ------ are keeping me awakeA million dreams
56%
To the ----- you ---world see
55%
A vision of --- --- I seethe one
50%
A million dreams is all it's ----- ----gonna take
50%
A million dreams for the world --'-- ----- ----we're gonna make
46%
For --- ----- we're gonna makethe world
46%

Score Distribution

Percentile by Number Answered

Percent of People with Each Score

Your Score History

You have not taken this quiz